| 000 | 00465cam a2200193ua 4500 | ||
|---|---|---|---|
| 020 | _c1.00 | ||
| 041 |
_ahin _h |
||
| 082 |
_a891.43 _bPAN/SA |
||
| 100 | _aPandey, Bachan . | ||
| 245 |
_aSarkar thumare ankomem / _cPandey Bachan. _hTextual Documents |
||
| 250 |
_a1 / _b. |
||
| 260 |
_aDelhi : _bRajkamal Prakashan , _c1937. |
||
| 300 | _a118 ; . | ||
| 365 | _a1.00 | ||
| 504 | _a | ||
| 700 | 1 | _aSharma, Ugre . | |
| 942 | _cBK | ||
| 999 |
_c12689 _d12689 |
||